Leijonien NHL-vahvistukset MM-kisoissa - Statistics

Yleistilastot
  • Tätä visaa on pelattu 155 kertaa
    143 viimeisimmän päivityksen jälkeen
  • Keskiarvotulos 37 / 89
Vastaustilastot
Pelipaikka Vuodet Vastaus % Oikein
H 1996, 99, 03, 08 Teemu Selänne
91%
H 2017-18, 24 Mikko Rantanen
84%
MV 2025 Juuse Saros
83%
H 1997, 99, 03, 08 Saku Koivu
83%
H 2006-08, 11-12, 16 Mikko Koivu
81%
P 2022 Miro Heiskanen
81%
H 2017-18 Sebastian Aho
80%
H 1994 Jari Kurri
79%
H 1999-01 Juha Lind
73%
P 2022 Esa Lindell
70%
H 2013, 16, 18, 22, 24 Mikael Granlund
70%
H 2018, 25 Teuvo Teräväinen
69%
H 2018, 23 Kasperi Kapanen
66%
H 2004, 07-08 Niko Kapanen
66%
MV 2009-10, 14-15 Pekka Rinne
66%
H 1998, 01 Sami Kapanen
66%
H 2015-16 Aleksander Barkov
64%
H 1999-00, 02-04, 06, 08, 14 Olli Jokinen
63%
H 2006, 08, 10, 12, 15-16 Jussi Jokinen
61%
H 2007 Jere Lehtinen
60%
H 2018, 25 Eeli Tolvanen
57%
MV 2025 Justus Annunen
57%
P 1991, 96-97 Teppo Numminen
57%
MV 2001 Miikka Kiprusoff
56%
P 2021, 23-24 Olli Määttä
56%
H 1993, 96 Esa Tikkanen
53%
MV 2007, 12 Kari Lehtonen
53%
H 1990-92, 94 Christian Ruuttu
51%
H 2001, 04, 06-07, 09 Jarkko Ruutu
50%
H 2023 Kaapo Kakko
50%
H 2006-08, 11, 15 Tuomo Ruutu
50%
P 1999, 01-03 Kimmo Timonen
49%
H 2017, 24 Jesse Puljujärvi
47%
H 2012, 17 Valtteri Filppula
47%
H 1996, 99-00, 07-08 Ville Peltonen
46%
P 2001 Antti-Jussi Niemi
44%
P 2019 Henri Jokiharju
44%
P 2001, 04 Sami Salo
44%
H 2022-23 Joel Armia
43%
MV 2017 Joonas Korpisalo
40%
H 2025 Juuso Pärssinen
39%
P 2000-01, 03, 06 Aki Berg
37%
MV 2006 Antero Niittymäki
37%
P 1990-91, 96-97, 00 Jyrki Lumme
37%
P 2001, 07 Petteri Nummelin
37%
P 2000, 02-04 Janne Niinimaa
36%
H 2019, 22 Juho Lammikko
34%
H 1997 Kai Nurminen
34%
MV 2003 Pasi Nurminen
34%
MV 2022 Harri Säteri
33%
H 2002-04, 09 Niklas Hagman
33%
H 2014 Erik Haula
31%
P 2001, 03 Ossi Väänänen
31%
H 2006-07, 09-10 Antti Miettinen
30%
H 2021 Arttu Ruotsalainen
30%
MV 2007 Fredrik Norrena
30%
H 2010, 13 Lauri Korpikoski
30%
H 2015-16 Leo Komarov
30%
P 2002-03 Toni Lydman
30%
MV 2004 Mika Noronen
27%
P 2011 Sami Lepistö
27%
P 2009, 11 Anssi Salmela
26%
MV 2003 Jani Hurme
26%
P 2000, 02 Jere Karalahti
26%
H 2011 Jesse Joensuu
26%
H 2001, 04 Antti Laaksonen
24%
P 1998 Janne Laukkanen
24%
P 2007, 09 Lasse Kukkonen
24%
H 2006, 08 Sean Bergenheim
24%
H 2017 Markus Hännikäinen
23%
H 2000 Antti Aalto
21%
P 2018 Markus Nutivaara
21%
MV 2008 Niklas Bäckström
21%
H 2001-02 Tomi Kallio
21%
P 2017-18 Julius Honka
20%
MV 1991 Kari Takko
20%
H 2003 Mikko Eloranta
20%
P 2003 Sami Helenius
20%
MV 2002, 04 Jussi Markkanen
17%
P 2008-09 Ville Koistinen
17%
P 2015 Jyrki Jokipakka
16%
MV 2008-09 Karri Rämö
14%
H 2003 Lasse Pirjetä
14%
H 2016 Teemu Pulkkinen
14%
H 2024 Valtteri Puustinen
14%
H 2001 Juha Ylönen
13%
H 2006 Jani Rita
11%
H 2004 Esa Pirnes
4%
H 2000 Marko Tuomainen
4%
Ehtoja vastaavia visoja ei löytynyt
Tulosjakauma
Jokaisen tuloksen saaneiden osuus
Persentiili vastausten määrän mukaan
Tuloshistoriasi
Et ole pelannut tätä visaa sen viimeisimmän päivityksen jälkeen